Los diplomáticos de Franco J. F. de Lequerica, temple y tenacidad (1890-1963) /

Bibliographic Details
Main Author: Cava Mesa, María Jesús, 1949- (Author)
Format: Electronic eBook
Language:Spanish
Published: Bilbao : Publicaciones de la Universidad de Deusto, 2023.
Edition:2a edición.
Series:Publicaciones de la Universidad de Deusto. Historia ; v. 8.
Subjects:
Online Access:Digitalia Hispánica

MARC

LEADER 00000nam a2200000Ii 4500
001 DIGDEU0246
003 NyNyDIG
006 m o d
007 cr |||||||||||
008 241203s2023 sp a ob 000 0 spa d
035 |a (OCoLC)1482221643 
040 |a DGITA  |b eng  |e rda  |e pn  |c DGITA 
020 |a 9788413251844  |q eBook 
020 |z 9788413251837 
043 |a e-sp--- 
050 1 4 |a DP264.L39 ebook 
100 1 |a Cava Mesa, María Jesús,  |d 1949-  |e author. 
245 1 4 |a Los diplomáticos de Franco J. F. de Lequerica, temple y tenacidad (1890-1963) /  |c María Jesús Cava Mesa. 
250 |a 2a edición. 
264 1 |a Bilbao :  |b Publicaciones de la Universidad de Deusto,  |c 2023. 
300 |a 1 online resource :  |b illustrations. 
336 |a text  |b txt  |2 rdacontent 
337 |a computer  |b c  |2 rdamedia 
338 |a online resource  |b cr  |2 rdacarrier 
347 |a text file  |2 rdaft 
347 |b PDF 
490 1 |a Serie Historia ;  |v vol. 8 
504 |a Includes bibliographical references. 
588 0 |a Online resource; title from PDF title page (Digitalia, viewed December 3, 2024) 
600 1 0 |a Lequerica, José Félix,  |d 1890-1963. 
651 0 |a Spain  |x Politics and government  |y 20th century. 
650 0 |a Diplomatics  |z Spain. 
791 2 |a Digitalia (Firm),  |e distributor. 
793 0 |g Digitalia eBook Collection:  |a Universidad de Deusto 
776 0 8 |i Print version:  |a Cava Mesa, María Jesús, 1949-  |t Diplomáticos de Franco.  |d Bilbao : Publicaciones de la Universidad de Deusto, [2023]  |z 9788413251837 
830 0 |a Publicaciones de la Universidad de Deusto.  |p Historia ;  |v v. 8. 
856 4 0 |3 Digitalia Hispánica  |u https://www.digitaliapublishing.com/a/163590/ 
910 |a Premium collection: 2024